000 00376nam a22001577a 4500
005 20200530160137.0
008 200530b xxu||||| |||| 00| 0 eng d
041 _aeng
082 _a340
100 _aBARE ACT
_95744
245 _aTHE INDIAN TRUSTS ACT, 1882 (2-1982)
260 _aDELHI
_bPROFESIONAL BOOK PUBLISHERS
300 _a35;p
650 _aLAW
_95701
942 _cBK
999 _c6685
_d6683